| 000 | 00831cam a2200277 a 4500 | ||
|---|---|---|---|
| 001 | 000005454 | ||
| 005 | 20200929151702.0 | ||
| 008 | 760508s1994 sp b 000 p spa | ||
| 020 | _a8437600561 | ||
| 040 |
_aDO-SdBNP _cDLC _dDLC |
||
| 082 |
_a861.6 _bF954ó, 1994 |
||
| 100 | 1 |
_aFuertes, Gloria, _d1917-1998 _915498 |
|
| 245 | 1 | 0 |
_aObras incompletas / _cGloria Fuertes. |
| 250 | _a11a ed. | ||
| 260 |
_aMadrid : _bCátedra, _c1994. |
||
| 300 |
_a364 p. ; _c18 cm. |
||
| 490 | 1 |
_aLetras hispánicas _v32 |
|
| 504 | _aIncluye referencias bibliográficas (p. 35-38.) | ||
| 650 | 4 |
_aPoesía española _9631 |
|
| 650 | 4 |
_aPobreza _xPoesías _915499 |
|
| 650 | 4 |
_aAnimales _xPoesías _915500 |
|
| 650 | 4 |
_aLiteratura española _9632 |
|
| 830 | 0 |
_aLetras hispánicas ; _v32 _94208 |
|
| 910 | _aCatalogación derivada | ||
| 910 | _aWM | ||
| 999 |
_c5254 _d5254 |
||